000 00175 a2200085 4500
020 _a9782090316261
245 _aLe Malade inaginaire
260 _bCLE International
942 _cBK
999 _c57859
_d57859